000 00866nam a22001937a 4500
005 20230912120750.0
010 _aUR-9826
020 6 _c300.00
035 _aU-8381
037 _bDBAD/PUB
082 _a270
100 _aصد یقی ،محمد نجا ت ا للہ
_956371
245 _aا سلا م کا نظریہ ملکیت /
_cصد یقی ،محمد نجا ت ا للہ
246 _aIslam ka Nazariya-e-Milkiyat
_bby Mohd. Nejatullah Siddiqui
260 _aنئی د لی
_bMerkazi Maktaba Islami Publishers
_c2004
270 _aD307,Dawat Nagar,Abul Fazal Enclave,Jamia Nagar ,
_b New Delhi
_e110025
_k01126971652
_l-
300 _a624ص
_c22cm(Hb)
942 _2ddc
_cUR
_h270
_mص د ی
_e
999 _c146776
_d146776